1675 1121 1254 1871 1860 1400 1450 1432 1282 1773 1082 1974 1948 1705 1588 1417 1641 1048 1275 1254 1712 1331 1625 1860 1235 1311 1246 1827 1851 1756 1020 1701 1711 1557 1669 1121 1465 1543 1216 1998 1035 1770 1594 1475 1127 1883 1403 1809 1333 1099 1176 1382 1674 1732 1328 1341 1037 1644 1707 1075 1349 1981 1541 1866 1154 1876 1186 1973 1183 1749 1433 1874 1200 1102 1637 1741 1136 1739 1510 1552 1570 1996 1685 1616 1672 1379 1455 1576 1772 1563 1857 1395 1024 1671 1739 1199 1649 1064 1161 BCNSPRNW ULIB Ver.6.0+V

เปลี่ยนเป็นภาษาไทย

Change to English
 แสดงรายละเอียดบรรณานุกรม
  กลับหน้าหลัก

Brief Record : Get Marc (ISO 2709) : E-mail record : QR code < ปิดหน้าต่าง
LEADER : 00000nam a2200445 i 4500
001    13399114502
003     ULIB
008    110919s20122012us a b 001 0 eng d
020    ^a9780763749439
060 04 ^aWY156^bQ1
245 00 ^aQuality of life :^bfrom nursing and patient perspectives :
250    ^a3rd ed.
260    ^aSudbury, MA :^bJones & Bartlett Learning,^cc2012.
300    ^axxi, 570 pages :^billustrations ;^c23 cm.
500    ^aSend to Single Search
504    ^aIncludes bibliographical references and index.
650  2 ^aNeoplasms^xnursing.
650  2 ^aQuality of Life.
650  2 ^aNeoplasms^xpsychology.
700 1  ^aKing, Cynthia R.,^eed.
700 1  ^aHinds, Pamela S.,^eed.
945    ^p0^l0^i031622
995    ^a Kesorn
999 ^a ใช้งานได้ทุกระบบ
รายการนี้ยังไม่มีแท็ก
คุณยังไม่ได้ล็อกอิน คุณสามารถมีกิจกรรมร่วมกับเว็บไซต์ได้ แต่ต้องล็อกอินก่อน ::
  ล็อกอิน

รายการสื่อสารสนเทศ

ลำดับที่ ประเภท เลขเรียก/บาร์โค้ด สถานที่ สถานะ
- ไม่พบข้อมูล -

BibComment


ยังไม่เคยถูกคอมเมนท์

คอมเมนท์ทรัพยากรรายการนี้
  คอมเมนท์: Quality of life ..


 Copyright 2026. Bcnsprnw @Library